| 000 | 00706nam a2200253 a 4500 | ||
|---|---|---|---|
| 999 |
_c12373 _d12373 |
||
| 001 | 12373 | ||
| 003 | BD-JhCC | ||
| 005 | 20230119134025.0 | ||
| 008 | 210605s bg |||| |||| 001 0 eng d | ||
| 020 | _a1565642767 | ||
| 035 | _a(BD-JhCC)12373 | ||
| 040 |
_aBD-JhCC _dBD-JhCC |
||
| 041 | _aeng | ||
| 082 |
_a297.26 _bCHA |
||
| 100 | _aChaleby, Kutaiba S. | ||
| 245 |
_aForensic psychiatry in islamic jurisprudence / _cKutaiba S. Chaleby, |
||
| 260 |
_aDhaka : _bThe International Institute of Islamic Thought, _c? |
||
| 300 |
_axxix, 189 p. : _c21 cm. |
||
| 504 | _aIncludes Index. | ||
| 650 | _aInsanity (Law) | ||
| 650 | _aForensic psychiatry | ||
| 650 | _aIslamic law | ||
| 942 |
_2ddc _cBK _02 |
||